Úloha reológie pri kontrole kvality múky bakalárska práca

Gespeichert in:
Bibliographische Detailangaben
1. Verfasser: Koniar, Michal
Format: Buch
Sprache:Slowakisch
Veröffentlicht: Bratislava STU FCHPT 2018
Online-Zugang:Im OPAC anzeigen
Tags: Tag hinzufügen
Keine Tags, Fügen Sie das erste Tag hinzu!

MARC

LEADER 00000nam a2200000 a 4500
005 20260127134233.0
008 181003 2018 xo a 001 0 slo d
035 |a vtls011782499 
039 9 |a 201810031221  |b mschk03  |y 201810031221  |z mschk03 
040 |a STUSCHK1  |b slo  |c STUSCHK1  |e AACR2 
100 1 |a Koniar, Michal 
245 1 |a Úloha reológie pri kontrole kvality múky  |b bakalárska práca  |c Michal Koniar 
260 |a Bratislava  |b STU FCHPT  |c 2018 
300 |a 66 s.  |b il.  |c 25 cm 
500 |a Študijný program: biotechnológia a potravinárska technológia 
500 |a Študijný odbor: biotechnológie 
500 |a Školiace pracovisko: FCHPT-13567-76180 
500 |a Evid. číslo: FCHPT-13567-76180 
910 |a SCHK95 
999 |c 7474  |d 7474